E-governance Számlázórendszerek online adatszolgáltatásának bevezetése a NAV felé

Bibliográfiai részletek
Szerző: Vas István Péter
További közreműködők: Fauszt Dr. Tibor
Tóth Norbert
Dokumentumtípus: Diplomadolgozat
Kulcsszavak:Online adatszolgáltatás
Adatexport
Online számla rendszer
Online Access:http://dolgozattar.uni-bge.hu/21089

MARC

LEADER 00000nta a2200000 i 4500
001 dolg21089
005 20190511102357.0
008 190511suuuu hu om 000 hun d
040 |a BGE Dolgozattár Repozitórium  |b hun 
041 |a hu 
100 1 |a Vas István Péter 
245 1 0 |a E-governance  |b Számlázórendszerek online adatszolgáltatásának bevezetése a NAV felé  |c Vas István Péter  |h [elektronikus dokumentum] 
695 |a Online adatszolgáltatás 
695 |a Adatexport 
695 |a Online számla rendszer 
700 1 |a Fauszt Dr. Tibor  |e ths 
700 1 |a Tóth Norbert  |e ths 
856 4 0 |u http://dolgozattar.uni-bge.hu/21089/1/E-governance.pdf  |z Dokumentum-elérés